How to live confidently in troubled times. (Record no. 12765)

000 -LEADER
fixed length control field 00529nam a2200181 a 4500
001 - CONTROL NUMBER
control field :::00010579$&:&@@
003 - CONTROL NUMBER IDENTIFIER
control field OkBaRHE
005 - DATE AND TIME OF LATEST TRANSACTION
control field 20000607103400.0
008 - FIXED-LENGTH DATA ELEMENTS--GENERAL INFORMATION
fixed length control field s1980 j 000 0 eng u
040 ## - CATALOGING SOURCE
Transcribing agency
100 1# - MAIN ENTRY--PERSONAL NAME
Personal name Schuller, Robert Harold.
245 10 - TITLE STATEMENT
Title How to live confidently in troubled times.
260 ## - PUBLICATION, DISTRIBUTION, ETC. (IMPRINT)
Place of publication, distribution, etc No Imprint.
Date of publication, distribution, etc c1980
300 ## - PHYSICAL DESCRIPTION
Extent 86 p. ;
Dimensions 20 cm.
650 ## - SUBJECT ADDED ENTRY--TOPICAL TERM
Topical term or geographic name as entry element Christian Life
942 ## - ADDED ENTRY ELEMENTS (KOHA)
Source of classification or shelving scheme
Koha item type Books
Copies
Price effective from Shelving location Permanent Location Damaged status Not for loan Barcode Full call number Source of classification or shelving scheme Copy number Date last seen Lost status Koha item type Date acquired Withdrawn status
2010-04-14General StacksRHEMA Bible Training College  10579BV 4501 .S3 12010-04-14 Books2010-04-14